Normal view
MARC view
Entry Personal Name
001 - CONTROL NUMBER
- control field: 60309
003 - CONTROL NUMBER IDENTIFIER
- control field: OSt
005 - DATE AND TIME OF LATEST TRANSACTION
- control field: 20260429123118.0
008 - FIXED-LENGTH DATA ELEMENTS
- fixed length control field: 260429|| aca||aabn | a|a d
040 ## - CATALOGING SOURCE
- Original cataloging agency: OSt
- Transcribing agency: OSt
100 ## - HEADING--PERSONAL NAME
- Personal name: Baruah, Ashapurna and Ankita
670 ## - SOURCE DATA FOUND
- Source citation: Work cat.: (OSt): Baruah, Ashapurna and Ankita, Can agricultural growth generate higher employment for rural women in INDIA? : Debunking a persistent myth
